000 00422nam a22001577a 4500
003 CEME
005 20210628202117.0
008 210415b xxu||||| |||| 00| 0 eng d
040 _c.
082 _a621.381528 BAB'T
100 _aBabani, B. B
_958312
245 _aTested transistor circuits handbook using professional printed circuits modules
260 _aLONDON
_bBERNARDS
_c1963
300 _a24P
942 _cBK
_2ddc
999 _c568509
_d568509